Największe miasta w Bułgarii - Statystyki

Ogólne statystyki
  • Ten quiz został rozwiązany 42 razy
    6 od ostatniego zresetowania
  • Średni wynik to 7 z 15
Statystyki odpowiedzi
Populacja Miasto % Poprawnych
188,242 Burgas
100%
1,183,454 Sofia
100%
310,664 Warna
100%
92,101 Plewen
75%
319,612 Płowdiw
75%
73,895 Dobricz
50%
124,787 Ruse
50%
80,467 Sliwen
50%
122,536 Stara Zagora
50%
59,166 Wielkie Tyrnowo
50%
68,259 Pernik
25%
62,254 Błagojewgrad
0%
65,829 Chaskowo
0%
60,641 Jamboł
0%
67,791 Szumen
0%
Nie znaleziono quizów pasujących do podanych kryteriów
Rozkład punktacji
Procent ludzi z każdym wynikiem
Percentyl według liczby udzielonych odpowiedzi
Twoja historia wyników
Nie rozwiązałeś tego quizu od ostatniego zresetowania